| 000 | 00421 a2200157 4500 | ||
|---|---|---|---|
| 005 | 20250625132042.0 | ||
| 020 | _a0-471-54992-4 | ||
| 082 | _aLM 620.106 FOX | ||
| 100 | _aFOX, R. W. | ||
| 245 | _aSolution Manual for Introduction to Fluid Mechanics | ||
| 250 | _a4th Ed. | ||
| 260 |
_aNew York, _bJohn Wiley & Sons, Inc, _c1992. |
||
| 300 |
_a1667p.: ill. _bIndex. _c26cm. |
||
| 700 | _aMcDONALD, A. T. | ||
| 942 |
_2ddc _cBKS |
||
| 999 |
_c2017 _d2017 |
||